With this fling-- / (Record no. 455)
[ view plain ]
| 000 -LEADER | |
|---|---|
| fixed length control field | 01575nam a22003257a 4500 |
| 001 - CONTROL NUMBER | |
| control field | 17827878 |
| 005 - DATE AND TIME OF LATEST TRANSACTION | |
| control field | 20230626082827.0 |
| 008 - FIXED-LENGTH DATA ELEMENTS--GENERAL INFORMATION | |
| fixed length control field | 230626b |||||||| |||| 00| 0 eng d |
| 016 ## - NATIONAL BIBLIOGRAPHIC AGENCY CONTROL NUMBER | |
| Record control number | 20110103009 |
| 020 ## - INTERNATIONAL STANDARD BOOK NUMBER | |
| International Standard Book Number | 9780373528196 |
| 020 ## - INTERNATIONAL STANDARD BOOK NUMBER | |
| International Standard Book Number | 0373528191 |
| 035 ## - SYSTEM CONTROL NUMBER | |
| System control number | (OCoLC)ocn729573292 |
| 040 ## - CATALOGING SOURCE | |
| Original cataloging agency | ZGX |
| Transcribing agency | KMU |
| Modifying agency | KMU |
| Description conventions | rda |
| 042 ## - AUTHENTICATION CODE | |
| Authentication code | lccopycat |
| 050 00 - LIBRARY OF CONGRESS CALL NUMBER | |
| Classification number | PS 3558.U58 W57 |
| 100 1# - MAIN ENTRY--PERSONAL NAME | |
| Personal name | Hunter, Kelly. |
| 245 10 - TITLE STATEMENT | |
| Title | With this fling-- / |
| Statement of responsibility, etc. | Kelly Hunter. |
| 260 ## - PUBLICATION, DISTRIBUTION, ETC. | |
| Place of publication, distribution, etc. | Toronto ; |
| -- | New York : |
| Name of publisher, distributor, etc. | Harlequin, |
| Date of publication, distribution, etc. | 2011. |
| 300 ## - PHYSICAL DESCRIPTION | |
| Extent | 184, [8] p. ; |
| Dimensions | 17 cm. |
| 490 0# - SERIES STATEMENT | |
| Series statement | Harlequin presents extra ; |
| Volume/sequential designation | 155 |
| 490 0# - SERIES STATEMENT | |
| Series statement | P.S. I'm pregnant! |
| 520 ## - SUMMARY, ETC. | |
| Summary, etc. | "Successful archaeologist Charlotte Greenstone has no time for men, so invents a convenient one--who bears a highly inconvenient resemblance to sexy stranger Greyson Tyler! To protect her mortifying white lie, Charlott begs Grey to act as her temporary fiancé... One glimps of Charlotte's killer curves, and Grey can't resist making his own outrageous proposition--he'll pretend to be her fiancé...if they can enjoy all the benefits of being a couple! Smoking-hot Grey is definitely fling material, but Charlotte knows that's all it can ever be...isn't it?"--P. [4] of cover. |
| 650 #0 - SUBJECT ADDED ENTRY--TOPICAL TERM | |
| Topical term or geographic name entry element | Women archaeologists |
| Form subdivision | Fiction. |
| 650 #0 - SUBJECT ADDED ENTRY--TOPICAL TERM | |
| Topical term or geographic name entry element | Man-woman relationships |
| Form subdivision | Fiction. |
| 655 #7 - INDEX TERM--GENRE/FORM | |
| Genre/form data or focus term | Love stories. |
| Source of term | gsafd |
| 710 2# - ADDED ENTRY--CORPORATE NAME | |
| Corporate name or jurisdiction name as entry element | Copyright Paperback Collection (Library of Congress) |
| Institution to which field applies | DLC |
| 906 ## - LOCAL DATA ELEMENT F, LDF (RLIN) | |
| a | 7 |
| b | cbc |
| c | copycat |
| d | 2 |
| e | ncip |
| f | 20 |
| g | y-gencatlg |
| 942 ## - ADDED ENTRY ELEMENTS (KOHA) | |
| Source of classification or shelving scheme | Library of Congress Classification |
| Koha item type | Fiction |
| Suppress in OPAC | No |
| Withdrawn status | Lost status | Source of classification or shelving scheme | Damaged status | Not for loan | Collection | Home library | Current library | Shelving location | Date acquired | Source of acquisition | Total Checkouts | Full call number | Barcode | Date last seen | Date last checked out | Price effective from | Koha item type |
|---|---|---|---|---|---|---|---|---|---|---|---|---|---|---|---|---|---|
| Library of Congress Classification | Fiction | Kapasa Makasa University | Kapasa Makasa University | Open Access | 26.06.2023 | Book International Aid | 4 | PS 3558.U58 W57 Hun | 747801 | 04.07.2025 | 25.06.2025 | 26.06.2023 | Fiction |